| 000 | 00368nam a22001457a 4500 | ||
|---|---|---|---|
| 003 | OSt | ||
| 005 | 20251015094635.0 | ||
| 008 | 251015b |||||||| |||| 00| 0 eng d | ||
| 020 | _a978996610260 | ||
| 040 | _cKENYA LITERATURE BUREAU | ||
| 050 | _aPL 8704 .K37 2016 | ||
| 245 |
_aHATOSHEKI _cKASIMINGI, HASSAN |
||
| 260 |
_aNAIROBI, KENYA _bKLB _c2016 |
||
| 942 |
_2lcc _cBK _n0 |
||
| 999 |
_c9620 _d9620 |
||